000 00391nam a22001697a 4500
003 MPLRDC
005 20220104152750.0
008 210129b ||||| |||| 00| 0 eng d
082 _a857.6 HY-3
100 _a黄崖
245 _a山村烟雾
_c
250 _a初版
260 _a
_b国际文化企业公司
_c1976
300 _b
650 _a短篇小说
942 _cBK
_o857.6 HY-3
999 _c53076
_d53066